000 00777nam a22002057a 4500
999 _c10424
_d10424
003 AR-CdUCM
008 190401b ||||| |||| 00| 0 spa d
040 _aMUNICIPALIDAD PROVINCIAL DEL CUSCO
_cBIBLIOTECA MUNICIPAL DEL CUSCO
082 _a980.05 /
_bB46 / 1905
110 _aBiblioteca nacional anti-romana
_927271
245 _aDatos para la historia :
_bDe la emancipación de la américa latina del yugo papal /
260 _aArequipa :
_bQuiros,
_c1905.
300 _a52 paginas ;
_c20 cm.
505 _aContenido : Correspondencia cronológica -- Una carta importante -- Otra carta memorable -- La reforma -- La catedral de salisbury ...
650 _aReforma
_94889
650 _aHistoria
_9136
650 _aPerú
_935
942 _2ddc
_cLIBROS
945 _arah